Statistics for Every countries flag that ends in -ia

Click here to take the quiz!

General Stats

  • This quiz has been taken 53 times
    (27 since last reset)
  • The average score is 32 of 36

Answer Stats

Answer% Correct
Australia
100%
Saudi Arabia
100%
Albania
96%
India
96%
Russia
96%
Tunisia
96%
Austria
92%
Cambodia
92%
Croatia
92%
Estonia
92%
Lithuania
92%
North Macedonia
92%
Slovakia
92%
Slovenia
92%
Algeria
88%
Armenia
88%
Bulgaria
88%
Colombia
88%
Ethiopia
88%
Georgia
88%
Indonesia
88%
Latvia
88%
Liberia
88%
Malaysia
88%
Mongolia
88%
Nigeria
88%
Romania
88%
Serbia
88%
Tanzania
88%
Mauritania
84%
Micronesia
84%
Somalia
84%
Zambia
84%
Bolivia
80%
Gambia
80%
Namibia
80%

Score Distribution

Percentile by Number Answered

Percent of People with Each Score

Your Score History

You have not taken this quiz since the last reset